LIBRARY & INFORMATION CENTRE, KCAET, TAVANUR

ONLINE PUBLIC ACCESS CATALOGUE (OPAC)

Turbine compressors and fans / (Record no. 5634)

MARC details
000 -LEADER
fixed length control field 00404cam a2200157ua 4500
041 ## - LANGUAGE CODE
Language code of text/sound track or separate title eng
082 ## - DEWEY DECIMAL CLASSIFICATION NUMBER
Classification number 621.433
Item number YAH/TU
100 ## - MAIN ENTRY--AUTHOR NAME
Personal name Yahya, S M .
245 ## - TITLE STATEMENT
Title Turbine compressors and fans /
250 ## - EDITION STATEMENT
Edition statement 1 /
260 ## - PUBLICATION, DISTRIBUTION, ETC. (IMPRINT)
Place of publication New Delhi :
Name of publisher Tata Mc-Graw Hill Publishing Company ,
Year of publication 1987.
300 ## - PHYSICAL DESCRIPTION
Number of Pages 678 ; .
942 ## - ADDED ENTRY ELEMENTS (KOHA)
Koha item type Books
Holdings
Withdrawn status Lost status Damaged status Home library Current library Date acquired Full call number Accession Number Koha item type
      KAUAET KAUAET 07/04/2012 621.433 17708 Books
free website counter